MARC

LEADER 00000nam0a2200000 4500
001 310818
005 20231102002326.0
035 |a (RuTPU)RU\TPU\book\336171 
035 |a RU\TPU\book\53404 
090 |a 310818 
100 |a 20151130d1976 km y0rusy50 ca 
101 0 |a rus 
102 |a RU 
105 |a a z 001zy 
200 1 |a Действие электрического тока на человека и первая помощь пострадавшим  |f П. А. Долин 
205 |a 2-е изд., перераб. и доп. 
210 |a Москва  |c Энергия  |d 1976 
215 |a 125 с.  |c ил. 
225 1 |a Библиотека электромонтера  |v Вып. 440 
320 |a Библиогр.: с. 124. 
606 1 |a Электробезопасность  |2 stltpush  |3 (RuTPU)RU\TPU\subj\19720  |9 44893 
606 1 |a Гигиена труда в различных отраслях производства  |2 stltpush  |3 (RuTPU)RU\TPU\subj\6456  |9 34338 
610 1 |a электрический ток 
610 1 |a человек 
610 1 |a действие 
610 1 |a первая помощь 
610 1 |a пострадавшие 
610 1 |a меры защиты 
610 1 |a поражения 
675 |a 621.3:658.382  |v 3 
675 |a 613.6  |v 3 
700 1 |a Долин  |b П. А.  |g Петр Алексеевич 
801 1 |a RU  |b 63413507  |c 20030423  |g PSBO 
801 2 |a RU  |b 63413507  |c 20151202  |g PSBO 
942 |c BK